| 000 -ლიდერი |
| ფიქსირებული სიგრძის საკონტროლო ველი |
01862nam a2200253Ia 4500 |
| 001 - საკონტროლო ნომერი |
| საკონტროლო ველი |
17675 |
| 003 - საკონტროლო ნომრის იდენტიფიკატორი |
| საკონტროლო ველი |
GE_BSU |
| 005 - ბოლო ოპერაციის თარიღი და დრო |
| საკონტროლო ველი |
20200221164205.0 |
| 008 - ფიქსირებული სიგრძის მონაცემთა ელემენტები - ზოგადი ინფორმაცია |
| ფიქსირებული სიგრძის საკონტროლო ველი |
181216s2015 xx |||||||||||||| ||geo|| |
| 020 ## - წიგნის საერთაშორისო სტანდარტული ნომერი |
| International Standard Book Number |
1512-3073 |
| 040 ## - კატალოგიზაციის წყარო |
| Transcribing agency |
GE_BSU |
| 041 ## - ენის კოდი |
| Language code of text/sound track or separate title |
geo |
| 080 ## - უნივერსალური ათობითი კლასიფიკაციის ინდექსი |
| Universal Decimal Classification number |
378(063) ქ-27 |
| 245 ## - ცნობა სათაურის შესახებ |
| Title |
ქართული უნივერსიტეტის შრომები : |
| Remainder of title |
ტომი: 2 / |
| Statement of responsibility, etc |
სარედ. კოლეგია : სერგო ვარდოსანიძე (მთ.რედ:) ; როინ მეტრეველი ; ივანე წერეთელი ; და სხვ. ტომი გამოსაცემად მოამზადეს : ვახტანგ გურულმ ; პაატა გომიაშვილმა. |
| 264 ## - წარმოების, გამოცემის, დისტრიბუციის და სხვა ცნობები |
| გამოცემის, წარმოების, დისტრიბუციის... ადგილი |
თბილისი : |
| გამოცემის, წარმოების, დისტრიბუციის... სახელწოდება |
ქართული უნ-ტი, |
| გამოცემის, წარმოების, დისტრიბუციის... თარიღი |
2015. |
| 300 ## - ფიზიკური აღწერა |
| Extent |
420 გვ .: |
| Dimensions |
29 სმ. |
| 653 ## - INDEX TERM--UNCONTROLLED |
| Uncontrolled term |
ისტორია,ფილოლოგია,ფსიქოლოგია,მათემატიკა,საბუნებისმეტყველო მეცნიერებები,ეკონომიკა,სამართალი,დემოგრაფია,დიდი მემკვიდრეობა,დოკუმენტის პუბლიკაცია |
| 653 ## - INDEX TERM--UNCONTROLLED |
| Uncontrolled term |
ქართული უნივერსიტეტის შრომები |
| 653 ## - INDEX TERM--UNCONTROLLED |
| Uncontrolled term |
შრომები |
| 700 ## - ADDED ENTRY--PERSONAL NAME |
| Personal name |
ვარდოსანიძე, :სერგო |
| Relator term |
მთავარი რედაქტორი |
| 9 (RLIN) |
6949 |
| 700 ## - ADDED ENTRY--PERSONAL NAME |
| Personal name |
მეტრეველი, როინ |
| Relator term |
სარედაქციო კოლეგია |
| 9 (RLIN) |
7332 |
| 700 ## - ADDED ENTRY--PERSONAL NAME |
| Personal name |
წერეთელი, ივანე |
| Relator term |
სარედაქციო კოლეგია |
| 9 (RLIN) |
7333 |
| 942 ## - ADDED ENTRY ELEMENTS (KOHA) |
| Koha item type |
წიგნი |
| Source of classification or shelving scheme |
|